5HLuxD.jpg

KING HENRY VIII SENIOR AND PRIMARY SCHOOL LIBRARY OPAC

Scorpia rising / (Record no. 3720)

000 -LEADER
fixed length control field 01379cam a2200373 ab4500
001 - CONTROL NUMBER
control field 2345370
003 - CONTROL NUMBER IDENTIFIER
control field OSt
005 - DATE AND TIME OF LATEST TRANSACTION
control field 20241003091129.0
008 - FIXED-LENGTH DATA ELEMENTS--GENERAL INFORMATION
fixed length control field 211222t20152011enk j 000 1 eng d
020 ## - INTERNATIONAL STANDARD BOOK NUMBER
International Standard Book Number 9781406360271
020 ## - INTERNATIONAL STANDARD BOOK NUMBER
International Standard Book Number 1406360279
040 ## - CATALOGING SOURCE
Original cataloging agency ATIOC
Language of cataloging eng
Transcribing agency ATIOC
Modifying agency ATIOC
-- CWJ
-- OCLCF
-- ATMAZ
-- TCPL
-- KH8
Description conventions aacr2
042 ## - AUTHENTICATION CODE
Authentication code nbic
082 ## - DEWEY DECIMAL CLASSIFICATION NUMBER
Classification number FIC HOR
100 1# - MAIN ENTRY--PERSONAL NAME
Personal name Horowitz, Anthony,
Dates associated with a name 1955-
Relator term author.
245 10 - TITLE STATEMENT
Title Scorpia rising /
Statement of responsibility, etc. Anthony Horowitz.
260 ## - PUBLICATION, DISTRIBUTION, ETC.
Place of publication, distribution, etc. London :
Name of publisher, distributor, etc. Walker Books,
Date of publication, distribution, etc. 2015.
300 ## - PHYSICAL DESCRIPTION
Extent 381 pages ;
Dimensions 20 cm.
490 1# - SERIES STATEMENT
Series statement Alex Rider ;
Volume/sequential designation bk 9.
500 ## - GENERAL NOTE
General note First published 2011 by Walker Books Ltd, London.
520 ## - SUMMARY, ETC.
Summary, etc. When the world's deadliest terrorist organization, Scorpia, stirs up trouble in the Middle East, it is up to fourteen-year-old MI6 agent Alex Rider to thwart their plans.
600 10 - SUBJECT ADDED ENTRY--PERSONAL NAME
Personal name Rider, Alex
Titles and other words associated with a name (Fictitious character)
Form subdivision Juvenile fiction.
610 10 - SUBJECT ADDED ENTRY--CORPORATE NAME
Corporate name or jurisdiction name as entry element Great Britain.
Subordinate unit MI6
Form subdivision Juvenile fiction.
650 #0 - SUBJECT ADDED ENTRY--TOPICAL TERM
Topical term or geographic name entry element Spy stories.
650 #0 - SUBJECT ADDED ENTRY--TOPICAL TERM
Topical term or geographic name entry element Terrorism
Form subdivision Juvenile fiction.
650 #0 - SUBJECT ADDED ENTRY--TOPICAL TERM
Topical term or geographic name entry element Orphans
Form subdivision Juvenile fiction.
650 #0 - SUBJECT ADDED ENTRY--TOPICAL TERM
Topical term or geographic name entry element Teenage boys
Form subdivision Juvenile fiction.
650 #0 - SUBJECT ADDED ENTRY--TOPICAL TERM
Topical term or geographic name entry element Adventure stories.
651 #0 - SUBJECT ADDED ENTRY--GEOGRAPHIC NAME
Geographic name London (England)
Form subdivision Juvenile fiction.
651 #0 - SUBJECT ADDED ENTRY--GEOGRAPHIC NAME
Geographic name England
Form subdivision Juvenile fiction.
800 1# - SERIES ADDED ENTRY--PERSONAL NAME
Personal name Horowitz, Anthony,
Dates associated with a name 1955-
Title of a work Alex Rider adventure ;
Volume/sequential designation 9.
830 #0 - SERIES ADDED ENTRY--UNIFORM TITLE
Uniform title Alex Rider ;
Volume/sequential designation bk 9.
942 ## - ADDED ENTRY ELEMENTS (KOHA)
Source of classification or shelving scheme
Koha item type Books - Fiction
Holdings
Withdrawn status Lost status Source of classification or shelving scheme Damaged status Not for loan Collection code Permanent Location Current Location Shelving location Date acquired Full call number Barcode Date last seen Price effective from Koha item type
          Fiction KH8 Senior School Library KH8 Senior School Library Fiction 2024-10-03 FIC HOR 3KHSL000102062 2024-10-03 2024-10-03 Books - Fiction

Powered By KH8 IT Dept